03772nab a22006137 4500003000900000022001400009040001800023041000800041044000700049245003600056260004700092300004200139505001100181505010900192505001400301505002300315505008100338505004900419505002400468505010100492505002300593505009700616505002300713505016400736505006000900505003300960505013700993505003501130505010901165505001901274505009301293505002201386505007201408505002501480505022301505505002501728505017101753505002301924505021101947505004802158505003902206505004802245505013002293505003702423505007502460505008502535505010402620505011702724505005502841505008702896505006802983650003203051773007503083AR-RoUNA a0327-9022 aAR-RoUNAbspa aspa aag aSumma+ /bCultura y Educación aBuenos Aires (Argentina):cDonn SA,b1993. a128 p. :bil. byn.bplanosc34X25 cm.0 tINDICE0 aFernando Diez, Gustavo Alonso Serafin y Martín Di Peco / Cultura, Educación y Representación. p. 10 tCARTELERA0 tINSTRUMENTO URBANO0 aPasinato + Bolzan / Teatro del Bicentenario, San Juan, Argentina, 2016. p. 80 tFORMAS CULTAS, Gustavo Alonso Serafin. p. 220 tLA TORRE DE LONDRES0 aHerzog & De Meuron / The Tate Modern Project, Bakside, Londres Se1 9tg, Reino Unido, 2016. p. 240 tBAJO EL SOL AZTECA0 aDavid Chipperfield / Museo Jumex, Colonia Granada, Ciudad de México, México, 2013. p. 320 tCUESTIÓN DE PIEL0 aAdjaye Associates / Smithsonian National Museum of African American History and Culture / 1400 Constitution Avenue, Washington D.C. Estados Unidos, 2016. p. 400 tEL PRESENTE EN EL PASADO, Gustavo Alonso Serafin. p. 480 tSIN ESPARTAR A LOS FANTASMAS0 aFlores & Prats / Sala Beckett / Obrador Internacional de Dramaturgia, Calle Pere IV 228, Poble Noli, Barcelona, España, 2016. p.500 tCOMPLETAMIENTO ESCENOGRÁFICO0 aSmilian Radic / Nave - Espacio de Artes Escénicas, Libertad 410, Santiago de Chile, Chile, 2014. p. 600 tABRIENDO MUROS0 aFrida Escobedo / La Tallera, Calle Venus 52, Cuernavaca, Morellos, México, 2012. p. 680 tTAMAÑO Y ESCALA0 aMartín Di Peco / Estar a la altura y crear las condiciones. p. 760 tHIPER ARTICULACIONES0 aClaudio Vekstein y Marcelo Barreiro / Colegio Montessori Luján, Primera Etapa Escuela Primaria, Calle las cretonas 2645, acceso oeste km 69.5. Municipalidad de Luján, Provincia de Buenos Aires, Argentina, 2015.p.780 tLUMINOSOS COBERTORES0 aSubsecretaría de obras de arquitectura / Jardín Municipal Coronel Dorrego, J.B. Alberdi y Matheu Distrito 3 - Noroeste, Ciudad de Santa Fe, Argentina, 2013. p. 860 tTEXTURA Y TESITURA0 aMunicipalidad de San Martín / Centro de Cuidado Infantil ¨Merceditas¨, Berutti 6902, Esquina El Pensamiento, Barrio Libertador, Partido de San Martín, Provincia de Buenos Aires, Argentina, 2016. p. 920 aFernando Diez / Un Premio Calificado. p. 980 tPALACIOS PARA LA ENSEÑANZA LAICA0 tIV CONGRESO LATINOAMERICANO DE ARQUITECTURA0 aTaller de integración latinoamericano. Facultad de arquitectura, Diseño, Arte y Urbanismo, Universidad de Morón. p. 1140 tARQUITECTURA RE-CONSTRUCTIVISTA 0 aGustavo Alonso Serafin / La joven reconstrucción disciplinar. p. 1160 aGui Bonsiepe / Diseño y producción de Mobiliario Argentino 1930-1970. p. 1220 aRoberto Fernández / Cosmopolismo Colonial: Heteronomái Proyectual en Templos Americanos. p. 1240 aHoracio Caride Bartons, David Dal Castello, Rita Molinos, Mario Sabugo / Los espejismos de Gaspard Monge. p. 1250 aRafael E.J. Iglesia / ¡Fuerza, Muchachas!. p. 1260 aIgnacio Ros de Olano / Buenos Aires, ¨La París de América¨, en papel. p. 1270 aPablo Güiraldes / Hábitat III: Ayer, Hoy y Mañana. p. 128 2Arquitectura conteporánea0 aSumma+dBuenos Aires, ArgentinagNº156 (abr; 2017), p. 128x0327-9022